00709nam a22001817a 4500003000900000008004100009020001800050040007100068082001500139110002300154245003800177260003600215300002500251505018300276650002600459650002100485650002100506AR-CdUCM190318b ||||| |||| 00| 0 spa d a84-494-1367-2 aMUNICIPALIDAD PROVINCIAL DEL CUSCOcBIBLIOTECA MUNICIPAL DEL CUSCO a910 /bT95 aOcéano - Centrun aTurismo, hoteles y restaurantes / aEspaña :bOcéano - centryn, a600 paginas c29 cm. aContenido :El turismo -- Organización de viajes -- Viajes aéreos: aviones, aeropuertos y lineas aéreas -- En que consiste el turismo -- El desarrollo de la hostelería ... aTurismo internacional aLeyes de turismo aHoteles y viajes